000 00348nam a2200133Ia 4500
008 150201s2009 xx 000 0 und d
082 _a612.015
_bV09G
100 _aGUPTE,SATISH
245 _aVIVA AND RECETN ADVANCES IN MEDICAL MICROBIOLOGY
250 _a1ST
260 _bJAYPEE BROTHERS
_aDELHI
_c2009
650 _aMICROBIOLOGY
942 _2ddc
_cBK
999 _c1013
_d1013